Estatísticas para Os 15 principais países afetados pela Covid-19 - 10 maio 2021

Clique aqui para jogar o quiz

Estatísticas Gerais

  • Esse quiz foi jogado 9 vezes
  • A pontuação média é 17 de 28

Estatísticas das Respostas

país% Correto
Brasil
100%
Estados Unidos
100%
França
100%
Índia
100%
Itália
100%
Reino Unido
89%
Rússia
89%
Argentina
78%
Alemanha
67%
Colômbia
67%
Espanha
67%
Irão
67%
México
67%
Polônia
67%
Portugal
67%
Bélgica
56%
Panamá
56%
Turquia
56%
Países Baixos
44%
Suécia
44%
Bahrein
33%
Croácia
33%
Eslovénia
33%
Hungria
33%
Israel
33%
Chéquia
22%
Estônia
11%
Lituânia
11%

Distribuição das Pontuações

Percentil de Números Respondidos

Porcentagem de Pessoas com Cada Pontuação

Sua Pontuação Histórica

Você não jogou esse quiz